000 00500nam a2200145Ia 4500
008 181022s9999 xx 000 0 und d
020 _a9781598784801
100 _aGoodman, Melody S.
245 _cMelody S. Goodman.--
_aBiodstatistics for clinical and public health research /
260 _aNew York :
_bRoutledge
_c2018
300 _axx, 560 pages.
500 _aIncludes bibliographical references and index.
650 _aBiometry.
650 _aPublic health -- research -- statistical methods.
999 _c359295
_d359295